[Event "Sunway Sitges Open 2019"]
[Site "Sitges ESP"]
[Date "2019.12.19"]
[Round "7.23"]
[White "Janik, Igor"]
[Black "Petrosyan, Manuel"]
[Result "1-0"]
[WhiteTitle "IM"]
[BlackTitle "GM"]
[WhiteElo "2466"]
[BlackElo "2613"]
[WhiteFideId "1159259"]
[BlackFideId "13300857"]
[EventDate "2019.12.13"]

1. c4 e5 2. Nc3 Bb4 3. Nd5 a5 4. g3 Nf6 5. Bg2 O-O 6. Nf3 Nxd5 7. cxd5 e4 8. Nd4
Bc5 9. Nb5 f5 10. O-O d6 11. d3 exd3 12. Qxd3 Nd7 13. Bf4 g5 14. Be3 Ne5 15. Qc3
Bxe3 16. Qxe3 Bd7 17. Nd4 f4 18. Qb3 b6 19. Rac1 Rc8 20. Rc3 Kh8 21. Qc2 h5 22.
Nf3 Bf5 23. Qd2 Nxf3+ 24. Bxf3 fxg3 25. hxg3 Bh3 26. Rfc1 h4 27. gxh4 Rf4 28.
Rc4 Qf6 29. Rxf4 gxf4 30. Qc3 Kg7 31. Kh2 Qxc3 32. Rxc3 Bf5 33. Rc4 Kf6 34. Rxf4
Ke5 35. Rc4 b5 36. Rc3 Kd4 37. e3+ Ke5 38. Bg2 b4 39. Rc1 Bd3 40. f4+ Kf6 41.
Rd1 Bc4 42. b3 Bb5 43. Kg3 Rg8+ 44. Kf2 Rh8 45. Rc1 Rh7 46. h5 Be8 47. h6 Bg6
48. e4 Be8 49. Ke3 Kg6 50. e5 Kxh6 51. Be4 Re7 52. Kd4 Kg7 53. Bf5 Kf8 54. exd6
cxd6 55. Rc8 Kg7 56. Ra8 Bh5 57. Be4 Rc7 58. Rxa5 Rc1 59. Ra4 Rd1+ 60. Kc4 Rf1
61. Rxb4 Rxf4 62. Kc3 Kf6 63. Bd3 Rf3 64. Re4 Bf7 65. Kd4 Kg5 66. Bc4 Rf2 67.
Re2 Rf4+ 68. Kc3 Rf5 69. Rd2 Kf6 70. a4 Ke7 71. a5 Kd8 72. Kb4 Kc7 73. Ka4 Rf4
74. Kb5 Be8+ 75. Kb4 Bf7 76. Kc3 Rf3+ 77. Rd3 Rf1 78. Re3 Rf5 79. Kd4 Kd8 80. b4
Rf4+ 81. Kc3 Rf5 82. Rd3 Rf1 83. b5 Rc1+ 84. Kb4 Rb1+ 85. Rb3 Rd1 86. b6 Kc8 87.
a6 Ra1 88. Rc3 Kb8 89. Rf3 Rb1+ 90. Bb3 Rxb3+ 91. Rxb3 1-0

[Event "Sunway Sitges Open 2019"]
[Site "Sitges ESP"]
[Date "2019.12.19"]
[Round "7.24"]
[White "Vogel, Roven"]
[Black "Karthikeyan, Murali"]
[Result "0-1"]
[WhiteTitle "IM"]
[BlackTitle "GM"]
[WhiteElo "2457"]
[BlackElo "2611"]
[WhiteFideId "12908088"]
[BlackFideId "5074452"]
[EventDate "2019.12.13"]

1. d4 Nf6 2. c4 e6 3. Nf3 d5 4. Nc3 Nbd7 5. cxd5 exd5 6. Bg5 Be7 7. e3 c6 8. Bd3
O-O 9. Qc2 Re8 10. O-O-O Nf8 11. h4 Be6 12. Kb1 Rc8 13. Rhg1 c5 14. Bf5 cxd4 15.
Nxd4 Bb4 16. Bxe6 fxe6 17. Rd3 N8d7 18. Nde2 h6 19. Bxf6 Qxf6 20. Rd4 Bd6 21.
Rf1 Be5 22. Rg4 b5 23. Qd3 Bxc3 24. Rf4 Ne5 0-1

[Event "Sunway Sitges Open 2019"]
[Site "Sitges ESP"]
[Date "2019.12.19"]
[Round "7.25"]
[White "Real De Azua, Ernesto"]
[Black "Adly, Ahmed"]
[Result "0-1"]
[WhiteTitle "IM"]
[BlackTitle "GM"]
[WhiteElo "2450"]
[BlackElo "2607"]
[WhiteFideId "108154"]
[BlackFideId "10601619"]
[EventDate "2019.12.13"]

1. d4 Nf6 2. c4 e6 3. Nc3 Bb4 4. e3 O-O 5. Bd3 c5 6. Nf3 b6 7. O-O Bb7 8. Na4
Na6 9. a3 Ba5 10. b3 Ne4 11. Bb2 f5 12. Qe2 Qe8 13. Rfd1 Rd8 14. Rac1 d6 15. d5
Nc7 16. b4 cxb4 17. axb4 Bxb4 18. Bxg7 Qxa4 19. Bxf8 Rxf8 20. Bxe4 fxe4 21. Ng5
Qe8 22. Qb2 a5 23. Nxe4 Qg6 24. Qd4 exd5 25. Qxb6 dxe4 26. Qxb7 Ne6 27. Rc2 Kh8
28. Qd5 Rg8 29. g3 Ng5 30. h4 Nf3+ 31. Kf1 Rf8 0-1

[Event "Sunway Sitges Open 2019"]
[Site "Sitges ESP"]
[Date "2019.12.19"]
[Round "7.30"]
[White "Sardana, Rishi"]
[Black "Krysa, Leandro"]
[Result "0-1"]
[WhiteTitle "IM"]
[BlackTitle "GM"]
[WhiteElo "2428"]
[BlackElo "2527"]
[WhiteFideId "25004301"]
[BlackFideId "116807"]
[EventDate "2019.12.13"]

1. e4 c5 2. Nf3 Nc6 3. Bb5 g6 4. O-O Bg7 5. Re1 e5 6. b4 Nxb4 7. Bb2 a6 8. a3
axb5 9. axb4 Rxa1 10. Bxa1 d6 11. bxc5 Ne7 12. cxd6 Qxd6 13. d4 exd4 14. Bxd4
O-O 15. Bxg7 Qxd1 16. Rxd1 Kxg7 17. Nd4 Bd7 18. Nd2 Rc8 19. N2b3 b4 20. f3 Ba4
21. Rd2 Rc3 22. Kf2 Nc6 23. f4 h5 24. g3 Kf8 25. Re2 Ke7 26. Ke1 Rc4 27. Nxc6+
bxc6 28. Kd2 c5 29. Re3 Bxb3 30. cxb3 Rd4+ 31. Kc2 c4 32. bxc4 Rxc4+ 33. Kb3 Rd4
34. e5 h4 35. Re2 Ke6 36. Rc2 h3 37. Rc6+ Kd7 38. Rc2 Ke7 39. Rc7+ Ke6 40. Rc6+
Kd7 41. Rc2 Re4 42. Ra2 Ke7 43. Ra7+ Kf8 44. Ra2 Kg7 45. Rc2 Kh6 46. Rc7 Re2 47.
Rc2 Rg2 48. Rc8 Rxh2 49. Rh8+ Kg7 50. Rh4 Rh1 51. Kb2 h2 52. Rh3 Kf8 53. Rh7 Ke7
54. Ka2 Ke6 55. Kb2 Kd5 56. g4 Rf1 0-1

[Event "Sunway Sitges Open 2019"]
[Site "Sitges ESP"]
[Date "2019.12.19"]
[Round "7.35"]
[White "Rathanvel, V S"]
[Black "Krzyzanowski, Marcin"]
[Result "0-1"]
[WhiteTitle "FM"]
[BlackTitle "IM"]
[WhiteElo "2410"]
[BlackElo "2506"]
[WhiteFideId "25002112"]
[BlackFideId "1132199"]
[EventDate "2019.12.13"]

1. e4 e5 2. Nf3 Nc6 3. Bb5 a6 4. Ba4 d6 5. Bxc6+ bxc6 6. d4 exd4 7. Qxd4 Nf6 8.
Nc3 Be7 9. O-O O-O 10. Bf4 Bg4 11. Qd3 Bxf3 12. Qxf3 Nd7 13. Rad1 Bf6 14. b3 Re8
15. Rfe1 Rb8 16. h3 g6 17. Nb1 Re6 18. Qe2 Nc5 19. Nd2 Qe7 20. Be3 d5 21. exd5
cxd5 22. Bxc5 Qxc5 23. Qd3 Rbe8 24. Rxe6 fxe6 25. c4 a5 26. Re1 c6 27. Nf1 Qd4
28. Qf3 Kg7 29. Ne3 Rf8 30. Qe2 h5 31. Nd1 Rf7 32. Qc2 Be5 33. Qe2 Bd6 34. Ne3
Qf4 35. g3 Qf6 36. Ng2 e5 37. cxd5 cxd5 38. Ne3 Bc5 39. Rf1 Qe6 40. Ng2 Bd4 41.
Kh2 Qd6 42. h4 Ba7 43. Qd2 Qa6 44. Kg1 Qf6 45. Ne3 d4 46. Nc4 e4 47. Qxa5 d3 48.
Qd2 Qf3 49. Ne3 Kh7 50. Re1 g5 51. hxg5 h4 52. gxh4 Qh3 53. Rc1 Qxh4 54. g6+
Kxg6 55. Rc8 Qg5+ 56. Kf1 Qxe3 57. Rc6+ Kh7 0-1

[Event "Sunway Sitges Open 2019"]
[Site "Sitges ESP"]
[Date "2019.12.19"]
[Round "7.36"]
[White "Ayats Llobera, Gerard"]
[Black "Saduakassova, Dinara"]
[Result "0-1"]
[WhiteTitle "FM"]
[BlackTitle "IM"]
[WhiteElo "2383"]
[BlackElo "2505"]
[WhiteFideId "32067607"]
[BlackFideId "13700090"]
[EventDate "2019.12.13"]

1. e4 e5 2. Nf3 Nc6 3. Bb5 a6 4. Ba4 Nf6 5. O-O Be7 6. Re1 b5 7. Bb3 d6 8. c3
O-O 9. h3 Nb8 10. d4 Nbd7 11. Nbd2 Bb7 12. Bc2 Re8 13. Nf1 Bf8 14. Ng3 g6 15. a4
c5 16. d5 c4 17. Be3 Nc5 18. Nh2 Qc7 19. Ng4 Nxg4 20. hxg4 Reb8 21. axb5 axb5
22. Qe2 Bc8 23. Nf1 Ba6 24. Ra2 Bb7 25. Rea1 Qc8 26. Bg5 Rxa2 27. Rxa2 Ra8 28.
Rxa8 Qxa8 29. Qd1 Qa2 30. Qb1 Qxb1 31. Bxb1 f5 32. gxf5 gxf5 33. exf5 Bxd5 34.
Ne3 Be4 35. Bxe4 Nxe4 36. Bh4 Bh6 37. Kf1 Bxe3 38. fxe3 Kf7 39. Ke2 h5 40. Kd1
d5 41. Bd8 Ng3 42. f6 Ne4 43. Ke2 Nxf6 44. Bb6 Ke6 45. Ba7 Kf5 46. Kf3 Ne4 47.
Bb6 Nd2+ 48. Ke2 Nb3 49. Kd1 Kg4 50. Kc2 Kg3 51. Bc7 Kxg2 52. Bxe5 h4 53. Kb1 h3
54. Ka2 Nc1+ 55. Ka3 Ne2 0-1

[Event "Sunway Sitges Open 2019"]
[Site "Sitges ESP"]
[Date "2019.12.19"]
[Round "7.37"]
[White "Sorensen, Hampus"]
[Black "Lobanov, Sergei"]
[Result "1/2-1/2"]
[WhiteTitle "FM"]
[BlackTitle "IM"]
[WhiteElo "2364"]
[BlackElo "2504"]
[WhiteFideId "8703884"]
[BlackFideId "24183750"]
[EventDate "2019.12.13"]

1. d4 Nf6 2. c4 g6 3. Nc3 d5 4. Nf3 Bg7 5. h4 dxc4 6. e4 c5 7. d5 b5 8. h5 O-O
9. hxg6 fxg6 10. e5 Ng4 11. d6 e6 12. Rxh7 Rf5 13. Rh3 a6 14. Be2 Nc6 15. Ne4
Ngxe5 16. Be3 Nxf3+ 17. Bxf3 Rd5 18. Nf6+ Qxf6 19. Bxd5 exd5 20. Qxd5+ Be6 21.
Qxc6 Rc8 22. Qe4 Bxh3 23. gxh3 Qxd6 24. Rd1 Qf6 25. Kf1 Qf5 26. Qxf5 gxf5 27.
Rd2 Rc6 28. Ke2 Kf7 29. Kd1 Be5 30. f3 Ke6 31. Kc2 Rc8 32. h4 f4 33. Bf2 Rh8 34.
Bxc5 Rxh4 35. Rf2 Rh1 36. a3 Kd5 37. Bb6 Ra1 38. Ba5 Bd4 39. Rd2 Rf1 40. Bb6
Rxf3 41. Rxd4+ Kc6 42. Ba5 Rf2+ 43. Bd2 f3 44. Rf4 a5 45. Rf6+ Kd5 46. Rf5+ Kc6
47. a4 b4 48. Re5 Rg2 49. Rxa5 c3 50. bxc3 b3+ 51. Kxb3 Rxd2 52. Rf5 f2 53. Kc4
Ra2 54. Rf6+ Kb7 55. Kb5 Rb2+ 56. Kc5 Ra2 57. Rf7+ Ka6 58. c4 Rxa4 59. Rxf2 Kb7
60. Rf7+ Kb8 61. Kb5 Ra1 62. c5 Rh1 63. Kb6 Rb1+ 64. Kc6 Rc1 65. Rf8+ Ka7 66.
Re8 Rc2 67. Rd8 Rc1 68. Kd6 Kb7 69. Rd7+ Kc8 70. Re7 Rc2 71. Kc6 Kb8 72. Re8+
Ka7 73. Rc8 Rh2 74. Rc7+ Kb8 75. Rb7+ Kc8 1/2-1/2

[Event "Sunway Sitges Open 2019"]
[Site "Sitges ESP"]
[Date "2019.12.19"]
[Round "7.38"]
[White "Gordon, Stephen J"]
[Black "Alexiadis, Hristos"]
[Result "1-0"]
[WhiteTitle "GM"]
[BlackTitle "FM"]
[WhiteElo "2495"]
[BlackElo "2346"]
[WhiteFideId "411477"]
[BlackFideId "4249623"]
[EventDate "2019.12.13"]

1. d4 Nf6 2. c4 e6 3. Nf3 c5 4. d5 d6 5. Nc3 exd5 6. cxd5 g6 7. Nd2 Nbd7 8. e4
Bg7 9. Be2 O-O 10. O-O Re8 11. Re1 a6 12. a4 Ne5 13. Nf1 h5 14. h3 Rb8 15. Qc2
c4 16. f4 Nd3 17. Bxd3 cxd3 18. Qxd3 b5 19. axb5 axb5 20. Nd1 b4 21. Nf2 Bd7 22.
Nh2 Bb5 23. Qb3 Nd7 24. Be3 Qf6 25. Qxb4 Bd3 26. Qa4 Bb5 27. Qa5 Qxb2 28. Rab1
Qc3 29. Qxc3 Bxc3 30. Rec1 Bg7 31. Rc7 Ba4 32. Rxb8 Rxb8 33. Nf3 Nf6 34. Ng5 Be8
35. Ba7 Rb1+ 36. Kh2 h4 37. Rc8 Bf8 38. Bd4 Nh5 39. Ng4 Ng3 40. Nf6+ Kh8 41.
Nh5+ Kg8 42. Nxg3 hxg3+ 43. Kxg3 Bd7 44. Rd8 Rb7 45. Nh7 Kxh7 46. Rxf8 1-0

[Event "Sunway Sitges Open 2019"]
[Site "Sitges ESP"]
[Date "2019.12.19"]
[Round "7.40"]
[White "Erenberg, Ariel"]
[Black "Foisor, Sabina-Francesca"]
[Result "1-0"]
[WhiteTitle "IM"]
[BlackTitle "WGM"]
[WhiteElo "2479"]
[BlackElo "2274"]
[WhiteFideId "2811634"]
[BlackFideId "1212915"]
[EventDate "2019.12.13"]

1. d4 Nf6 2. c4 e6 3. g3 d5 4. Bg2 c5 5. Nf3 Nc6 6. O-O dxc4 7. Qa4 cxd4 8. Nxd4
Qxd4 9. Bxc6+ Bd7 10. Rd1 Bxc6 11. Qxc6+ bxc6 12. Rxd4 Rd8 13. Rxc4 Rd1+ 14. Kg2
Nd5 15. e4 Nb6 16. Rxc6 Kd7 17. Rc2 Bb4 18. Bd2 a5 19. a3 Bxd2 20. Rxd2+ Rxd2
21. Nxd2 Rc8 22. Rd1 Ke7 23. Nf3 a4 24. Rd3 Nd7 25. Rd4 Nc5 26. Rc4 Kd6 27. Rd4+
Ke7 28. Rb4 Kd6 29. Nd4 g5 30. Nb5+ Ke5 31. Rc4 f5 32. exf5 exf5 33. Nc3 Rc7 34.
Nxa4 Ne6 35. Rxc7 Nxc7 36. Nb6 Kd4 37. Kf3 Ne6 38. g4 f4 39. b4 Kd3 40. a4 Nd4+
41. Kg2 Nc2 42. Nd5 Ke2 43. a5 Ne1+ 44. Kg1 Nf3+ 45. Kh1 Kf1 46. a6 Ng1 47. Nc3 1-0

[Event "Sunway Sitges Open 2019"]
[Site "Sitges ESP"]
[Date "2019.12.19"]
[Round "7.42"]
[White "Mohamed, Anees M"]
[Black "Karthik, Venkataraman"]
[Result "0-1"]
[WhiteTitle "CM"]
[BlackTitle "GM"]
[WhiteElo "2056"]
[BlackElo "2470"]
[WhiteFideId "35065815"]
[BlackFideId "25006479"]
[EventDate "2019.12.13"]

1. d4 e6 2. c4 Nf6 3. Nf3 c5 4. d5 g6 5. Nc3 Bg7 6. e4 O-O 7. Be2 exd5 8. exd5
d6 9. h3 Na6 10. O-O Nc7 11. Bf4 Nh5 12. Bh2 f5 13. Ne1 Nf6 14. Qd2 h6 15. Bd3
g5 16. Nf3 Nh5 17. Ne2 Rb8 18. a4 Na6 19. Ra3 Nb4 20. Bb1 Qf6 21. Nfd4 f4 22.
Be4 a5 23. Nb5 Qxb2 24. Qd1 Bf5 25. Rb3 Qe5 26. Bxf5 Qxf5 27. Nxd6 Qd7 28. Ne4
b6 29. Nd4 cxd4 30. Qxh5 Qxa4 31. Rbb1 Qe8 32. Qf3 Qg6 33. Rfe1 Rfe8 34. g3 Nc2
35. Re2 Ne3 36. Nd2 d3 37. Ree1 Bc3 38. fxe3 fxe3 39. Rxe3 Bd4 40. Re1 Rxe3 41.
Rxe3 Re8 42. Nf1 d2 43. Kf2 Rf8 0-1

[Event "Sunway Sitges Open 2019"]
[Site "Sitges ESP"]
[Date "2019.12.19"]
[Round "7.43"]
[White "Dragnev, Valentin"]
[Black "Rakshitta, Ravi"]
[Result "1-0"]
[WhiteTitle "GM"]
[BlackTitle "WIM"]
[WhiteElo "2553"]
[BlackElo "2260"]
[WhiteFideId "1634852"]
[BlackFideId "25073230"]
[EventDate "2019.12.13"]

1. d4 Nf6 2. c4 e6 3. Nc3 d5 4. cxd5 exd5 5. Bg5 Nbd7 6. e3 c6 7. Bd3 Be7 8. h3
O-O 9. Qc2 Re8 10. Nf3 h6 11. Bf4 Nf8 12. O-O Ne6 13. Be5 b6 14. e4 dxe4 15.
Nxe4 Bb7 16. Rad1 Nd5 17. a3 Nef4 18. Bc4 Ng6 19. Rfe1 Nh4 20. Nxh4 Bxh4 21. Nd6
Re7 22. Nf5 Re6 23. Bxg7 Rg6 24. Bxh6 c5 25. Qe4 Nf4 26. Qxb7 Rxg2+ 27. Kh1 1-0

[Event "Sunway Sitges Open 2019"]
[Site "Sitges ESP"]
[Date "2019.12.19"]
[Round "7.47"]
[White "Sidhant, Mohapatra"]
[Black "Zanan, Evgeny"]
[Result "0-1"]
[WhiteTitle "IM"]
[BlackTitle "IM"]
[WhiteElo "2338"]
[BlackElo "2493"]
[WhiteFideId "5028698"]
[BlackFideId "24101940"]
[EventDate "2019.12.13"]

1. e4 e5 2. Nf3 Nc6 3. Bb5 a6 4. Ba4 Nf6 5. d4 exd4 6. O-O Be7 7. e5 Ne4 8. Nxd4
Nxd4 9. Qxd4 Nc5 10. Nc3 O-O 11. Nd5 Re8 12. Nxe7+ Qxe7 13. Bd2 b5 14. Bb3 Bb7
15. Rfe1 Ne4 16. Bd5 Bxd5 17. Qxd5 Qxe5 18. Qxe5 Rxe5 19. f3 Rd5 20. Bf4 Nf6 21.
Bxc7 Rc8 22. Be5 Rxc2 23. a4 b4 24. Rad1 Re2 25. Rxd5 Rxe1+ 26. Kf2 Nxd5 27.
Kxe1 f6 28. Bd4 Kf7 29. Kd2 Ke6 30. Kd3 Kd6 31. Kc4 Kc6 32. a5 b3 33. g3 g6 34.
h4 f5 35. g4 h5 36. gxh5 gxh5 37. Bf2 Ne7 38. Kxb3 Kb5 39. Kc3 Nc6 40. Kd3 Ne5+
41. Ke3 Kxa5 42. Bg3 Ng6 43. Kd4 Kb4 44. Kd5 Kb3 45. Kd6 Kxb2 46. Kxd7 f4 47.
Bf2 Kc2 48. Ke6 Kd3 49. Kf5 Ke2 50. Bc5 Kxf3 51. Kxg6 Kg4 52. Kf6 f3 53. Bf2 a5
54. Ke5 a4 55. Kd4 Kh3 0-1

[Event "Sunway Sitges Open 2019"]
[Site "Sitges ESP"]
[Date "2019.12.20"]
[Round "8.1"]
[White "Korobov, Anton"]
[Black "Durarbayli, Vasif"]
[Result "1/2-1/2"]
[WhiteTitle "GM"]
[BlackTitle "GM"]
[WhiteElo "2668"]
[BlackElo "2609"]
[WhiteFideId "14105730"]
[BlackFideId "13402935"]
[EventDate "2019.12.13"]

1. d4 Nf6 2. c4 g6 3. g3 c6 4. Bg2 d5 5. cxd5 cxd5 6. Nf3 Bg7 7. O-O O-O 8. Nc3
Bf5 9. Ne5 Ne4 10. Bf4 Nxc3 11. bxc3 Nc6 12. Nxc6 bxc6 13. Qa4 Qd7 14. Rfd1 Rac8
15. Rac1 Be6 16. Rb1 Bf5 17. Rbc1 Be6 18. Rb1 Bf5 19. Rb4 a5 20. Rb2 Qa7 21. Qb3
a4 22. Qb7 Qa5 23. Qxe7 Rfe8 24. Qa3 Bf8 25. Rb4 Rxe2 26. Bf1 Rc2 27. Rxa4 Qxc3
28. Qxc3 Rxc3 29. Ra5 Re8 30. a4 Bg4 1/2-1/2

[Event "Sunway Sitges Open 2019"]
[Site "Sitges ESP"]
[Date "2019.12.20"]
[Round "8.2"]
[White "Kovalenko, Igor"]
[Black "Puranik, Abhimanyu"]
[Result "1-0"]
[WhiteTitle "GM"]
[BlackTitle "GM"]
[WhiteElo "2647"]
[BlackElo "2580"]
[WhiteFideId "14117908"]
[BlackFideId "5061245"]
[EventDate "2019.12.13"]

1. d4 Nf6 2. Nf3 g6 3. Nbd2 d5 4. e3 Bg7 5. b4 O-O 6. Be2 c6 7. a4 Nbd7 8. Bb2
Re8 9. O-O a5 10. b5 c5 11. c4 cxd4 12. Nxd4 Nc5 13. Rc1 dxc4 14. Rxc4 Nce4 15.
Nxe4 Nxe4 16. Qc2 Nd6 17. Rc7 e5 18. Nf3 e4 19. Nd4 Qg5 20. Rc1 Bg4 21. Bxg4
Qxg4 22. h3 Qg5 23. Qb3 Re7 24. R1c5 Qh4 25. b6 Rxc7 26. bxc7 Qe7 27. Ba3 Rc8
28. Rd5 Be5 29. Nb5 1-0

[Event "Sunway Sitges Open 2019"]
[Site "Sitges ESP"]
[Date "2019.12.20"]
[Round "8.3"]
[White "Liang, Awonder"]
[Black "Ivanchuk, Vassily"]
[Result "1-0"]
[WhiteTitle "GM"]
[BlackTitle "GM"]
[WhiteElo "2593"]
[BlackElo "2690"]
[WhiteFideId "2056437"]
[BlackFideId "14100010"]
[EventDate "2019.12.13"]

1. Nf3 d6 2. d4 Nf6 3. g3 g6 4. Bg2 Bg7 5. O-O O-O 6. Re1 Nbd7 7. e4 e5 8. Nc3
b6 9. Nd5 Nxd5 10. exd5 Re8 11. c3 a5 12. h4 Ba6 13. h5 exd4 14. h6 Rxe1+ 15.
Qxe1 Bf6 16. Nxd4 Ne5 17. Be3 Qd7 18. Nc6 Nxc6 19. dxc6 Qf5 20. Rd1 Re8 21. Qd2
Qe5 22. Qc2 Qh5 23. Rd5 Re5 24. Qb3 Kf8 25. Rxe5 Qxe5 26. Bxb6 cxb6 27. Qxb6 Qb5
28. Qa7 Bg5 29. c7 Qc5 30. Qb8+ Ke7 31. Bb7 1-0

[Event "Sunway Sitges Open 2019"]
[Site "Sitges ESP"]
[Date "2019.12.20"]
[Round "8.4"]
[White "Santos Latasa, Jaime"]
[Black "Donchenko, Alexander"]
[Result "1/2-1/2"]
[WhiteTitle "GM"]
[BlackTitle "GM"]
[WhiteElo "2585"]
[BlackElo "2644"]
[WhiteFideId "2293307"]
[BlackFideId "24603295"]
[EventDate "2019.12.13"]

1. e4 c5 2. Nf3 d6 3. d4 cxd4 4. Nxd4 Nf6 5. Nc3 a6 6. g3 e5 7. Nb3 Be7 8. Bg2
O-O 9. O-O Nbd7 10. a4 b6 11. Re1 Bb7 12. Nd2 Nc5 13. b3 b5 14. axb5 axb5 15.
Rxa8 Qxa8 16. b4 Na6 17. Ba3 Rc8 18. Qa1 d5 19. Nxb5 Rxc2 20. Qd1 Rc8 21. exd5
Bxd5 22. Bf1 Bxb4 23. Bxb4 Nxb4 24. Rxe5 Nc6 25. Re3 Rd8 26. Nc7 Qa5 27. Nxd5
Qxd5 28. Rd3 Qe6 29. Rxd8+ Nxd8 30. Nf3 Qe7 1/2-1/2

[Event "Sunway Sitges Open 2019"]
[Site "Sitges ESP"]
[Date "2019.12.20"]
[Round "8.5"]
[White "Narayanan, S.L."]
[Black "Svane, Rasmus"]
[Result "1/2-1/2"]
[WhiteTitle "GM"]
[BlackTitle "GM"]
[WhiteElo "2626"]
[BlackElo "2597"]
[WhiteFideId "5058422"]
[BlackFideId "4657101"]
[EventDate "2019.12.13"]

1. d4 Nf6 2. c4 e6 3. Nf3 d5 4. Nc3 Be7 5. Bf4 O-O 6. e3 b6 7. Be2 dxc4 8. Bxc4
Ba6 9. Qe2 Bxc4 10. Qxc4 c5 11. dxc5 Bxc5 12. O-O Qc8 13. Rac1 Qa6 14. Qxa6 Nxa6
15. a3 Nb8 16. Rfd1 Nbd7 17. b4 Be7 18. g4 h6 19. h4 Rfd8 20. g5 hxg5 21. hxg5
Ne8 22. Nd4 Nb8 23. Ncb5 a5 24. bxa5 bxa5 25. a4 Na6 26. g6 Nc5 27. gxf7+ Kxf7
28. Rc4 Rd5 29. Nc3 Rd7 30. Rb1 Nd3 31. Bg3 Bf6 32. Nf3 Nd6 33. Bxd6 Rxd6 34.
Rb7+ Kg6 35. Ne4 Rdd8 36. Nxf6 gxf6 37. Rb6 Rac8 38. Rg4+ Kf5 39. Rg7 Rc1+ 40.
Kg2 Ne1+ 41. Nxe1 Rxe1 42. Ra6 Rd5 43. Re7 Re5 44. Rea7 Ra1 45. Rxa5 Rxa5 46.
Rxa5+ e5 47. Kf3 Ra2 48. Ra8 Kg6 49. a5 Ra4 50. a6 Kg7 51. Kg3 Kg6 52. a7 Kg7
53. Kf3 Ra2 54. Ke4 Ra5 55. Kf5 Ra6 56. f3 Ra3 57. Ke6 Ra6+ 58. Kd7 Ra3 59. Ke8
Kg8 60. Kd8 Ra1 61. Kc8 Kg7 62. Kc7 Ra2 63. Kb6 Rb2+ 64. Kc6 Rc2+ 65. Kd6 Rd2+
66. Ke6 Ra2 67. Rd8 Rxa7 68. Rd7+ Rxd7 69. Kxd7 Kh7 70. Ke8 Kg8 71. Ke7 Kg7 72.
Kd6 Kh6 73. Ke6 Kg6 74. f4 exf4 75. exf4 f5 76. Ke5 Kg7 77. Kxf5 Kf7 78. Ke5 Ke7
79. f5 Kf7 80. f6 Kf8 81. Ke6 Ke8 82. f7+ Kf8 83. Kf6 1/2-1/2

[Event "Sunway Sitges Open 2019"]
[Site "Sitges ESP"]
[Date "2019.12.20"]
[Round "8.6"]
[White "Wagner, Dennis"]
[Black "Heimann, Andreas"]
[Result "1/2-1/2"]
[WhiteTitle "GM"]
[BlackTitle "GM"]
[WhiteElo "2578"]
[BlackElo "2617"]
[WhiteFideId "24650684"]
[BlackFideId "24624632"]
[EventDate "2019.12.13"]

1. d4 d5 2. c4 e6 3. Nf3 Nf6 4. Nc3 Be7 5. Bf4 O-O 6. e3 b6 7. Bd3 dxc4 8. Bxc4
Ba6 9. Bxa6 Nxa6 10. Qe2 Qc8 11. O-O c5 12. e4 cxd4 13. Nxd4 Rd8 14. Rfd1 Qb7
15. Ndb5 Nc5 16. e5 Nfe4 17. Nxe4 Rxd1+ 18. Rxd1 Nxe4 19. Qf3 Rd8 20. Rxd8+ Bxd8
21. a4 a6 22. Nc3 Nc5 23. Qxb7 Nxb7 24. Kf1 Na5 25. Bc1 g5 26. Ne4 Nc4 27. b3
Na5 28. Nd2 Bc7 29. Bb2 Kg7 30. g4 Kg6 1/2-1/2

[Event "Sunway Sitges Open 2019"]
[Site "Sitges ESP"]
[Date "2019.12.20"]
[Round "8.9"]
[White "Maghsoodloo, Parham"]
[Black "Sindarov, Javokhir"]
[Result "0-1"]
[WhiteTitle "GM"]
[BlackTitle "GM"]
[WhiteElo "2690"]
[BlackElo "2526"]
[WhiteFideId "12539929"]
[BlackFideId "14205483"]
[EventDate "2019.12.13"]

1. d4 Nf6 2. c4 c6 3. Nc3 d5 4. e3 g6 5. Bd3 Bg7 6. Nge2 O-O 7. O-O Nbd7 8. cxd5
cxd5 9. Qb3 Nb8 10. Nf4 e6 11. Bd2 Nc6 12. Rfd1 b6 13. a4 Qe7 14. Bf1 Bb7 15.
Be1 Rfc8 16. Rac1 Bf8 17. f3 Ne8 18. g4 Qf6 19. h4 Nd6 20. Bg3 Nc4 21. g5 Qd8
22. Kf2 Nb4 23. Ne4 Na5 24. Nf6+ Qxf6 25. Qxb4 Bxb4 26. gxf6 Nb3 27. Rxc8+ Rxc8
28. Bd3 Bc6 29. Ba6 Rd8 30. Nd3 Ba5 31. Bb5 Rc8 32. Bd6 Bxb5 33. axb5 Rc2+ 34.
Kg3 Bd2 35. Bf4 h5 36. Ne5 Nc1 37. Kh3 Rxb2 38. Rg1 Ne2 39. Rg2 Nxf4+ 40. exf4
Bc1 41. Rxb2 Bxb2 42. Nc6 Kf8 43. Kg3 Ke8 44. Kf2 Bc1 45. Kg3 Be3 46. f5 exf5
47. f4 Kd7 48. Kf3 Bd2 49. Kg3 a5 0-1

[Event "Sunway Sitges Open 2019"]
[Site "Sitges ESP"]
[Date "2019.12.20"]
[Round "8.10"]
[White "Sasikiran, Krishnan"]
[Black "Sadhwani, Raunak"]
[Result "1/2-1/2"]
[WhiteTitle "GM"]
[BlackTitle "IM"]
[WhiteElo "2656"]
[BlackElo "2507"]
[WhiteFideId "5004985"]
[BlackFideId "35093487"]
[EventDate "2019.12.13"]

1. e4 e5 2. Nf3 Nc6 3. Bb5 a6 4. Ba4 Nf6 5. O-O Be7 6. Re1 b5 7. Bb3 O-O 8. a4
b4 9. a5 d6 10. d3 Be6 11. Bxe6 fxe6 12. Nbd2 Qe8 13. c3 Rb8 14. Nc4 Rb5 15. Bd2
h6 16. Rc1 bxc3 17. bxc3 Qg6 18. Ra1 Kh7 19. Qe2 Nd7 20. Be3 Rfb8 21. Qc2 Nf6
22. h3 Kh8 23. Ra2 Qe8 24. Ncd2 g5 25. d4 g4 26. hxg4 Nxg4 27. d5 exd5 28. exd5
Rxd5 29. Qf5 Qc8 30. Qh5 Qe6 31. Ra4 Rg8 32. Rxg4 Rxg4 33. Qe8+ Qg8 34. Qxc6
Rxg2+ 35. Kf1 Rg6 36. c4 Rxa5 37. Rb1 Ra2 38. Qxc7 Qf7 39. Rb8+ Kh7 40. Rb7 Rg7
41. Qc6 Qg6 42. Qe4 a5 43. Qxg6+ Kxg6 44. c5 dxc5 45. Nxe5+ Kh7 46. Rb6 Bg5 47.
Ne4 Re7 48. Nxg5+ hxg5 49. Ng4 c4 50. Bxg5 Ra1+ 51. Kg2 Ree1 52. Rh6+ Kg8 53.
Rc6 a4 54. Bf6 Rab1 55. Ne5 Rg1+ 56. Kh2 Rh1+ 57. Kg2 Rhg1+ 58. Kf3 Rb8 59. Rxc4
Rf8 60. Nd7 Ra8 61. Ne5 Rf8 62. Nd7 Ra8 63. Ne5 1/2-1/2